|
|
|
|
| LEADER |
01281nam a2200265 a 4500 |
| 001 |
GR-Antirio641 |
| 008 |
090306s2003 ne b 001 0 gre d |
| 020 |
|
|
|a 1558608877
|
| 040 |
|
|
|a GrPaTEI
|b gre
|c GR-PaULI
|
| 040 |
|
|
|a GrPaTEI
|b gre
|c GR-PaULI
|
| 040 |
|
|
|a GrPaTEI
|b gre
|c GR-PaULI
|
| 082 |
|
0 |
|a 004.65
|2 22
|
| 100 |
0 |
|
|a McCabe, James D.
|
| 245 |
1 |
0 |
|a Network Analysis, Architecture , and Design /
|c McCabe, James D.
|
| 250 |
|
|
|a 2nd ed.
|
| 260 |
|
|
|a Amsterdam , Boston :
|b Morgan Kaufmann Publishers,
|c c 2003
|
| 300 |
|
|
|a xxi. , 501 σ. :
|b εικ. ;
|c 24 εκ.
|
| 490 |
0 |
|
|a Morgan Kaufmann series in networking.
|
| 504 |
|
|
|a Περιλαμβάνει βιβλιογραφίες και ευρετήριο.
|
| 653 |
|
|
|a COMPUTER NETWORKS--DESIGN AND CONSTRUCTION
|
| 942 |
|
|
|2 ddc
|
| 952 |
|
|
|0 0
|1 0
|2 ddc
|4 0
|6 004_650000000000000_MCC
|7 0
|9 261860
|a LISK-2
|b LISK-2
|c BSC
|d 2021-01-17
|e 24
|f 0
|g 0.00
|l 0
|o 004.65 MCC
|p 2430000006807
|r 2021-01-17 00:00:00
|t 1
|w 2021-01-17
|y BK15
|x 20090306 0 1
|x GrPaTEI - Antirrio
|
| 952 |
|
|
|0 0
|1 0
|2 ddc
|4 0
|6 004_650000000000000_MCC
|7 0
|9 261861
|a LISK-2
|b LISK-2
|c BSC
|d 2021-01-17
|e 24
|f 0
|g 0.00
|l 0
|o 004.65 MCC
|p 2430000006808
|r 2021-01-17 00:00:00
|t 1
|w 2021-01-17
|y BK15
|x 20090306 0 1
|x GrPaTEI - Antirrio
|
| 971 |
|
|
|a .b25704400
|b 01-10-20
|c 12-09-16
|
| 999 |
|
|
|c 151092
|d 151092
|